|
|
|
|
| LEADER |
00000nam a2200000 i 4500 |
| 001 |
DIGXIAGT143 |
| 003 |
NyNyDIG |
| 006 |
m o d |
| 008 |
210420s2017 sp o 000 f spa d |
| 007 |
cr ||||||||||| |
| 035 |
|
|
|a (OCoLC)1247940151
|
| 040 |
|
|
|a DGITA
|b eng
|e rda
|e pn
|c DGITA
|
| 020 |
|
|
|a 9788416252367
|q eBook
|
| 020 |
|
|
|a 841625236X
|q eBook
|
| 020 |
|
|
|z 9788417088316
|
| 020 |
|
|
|z 8417088318
|
| 041 |
1 |
|
|a spa
|h eng
|
| 050 |
1 |
4 |
|a PR6064.O65 ebook
|
| 082 |
0 |
4 |
|a 823.914
|a Fic
|
| 100 |
1 |
|
|a Norfolk, Lawrence,
|d 1963-
|e author.
|
| 240 |
1 |
0 |
|a Pope's rhinoceros.
|l Spanish
|s (Calzada)
|
| 245 |
1 |
3 |
|a El rinoceronte del Papa /
|c Lawrence Norfolk ; traducción de Javier Calzada.
|
| 264 |
|
1 |
|a Barcelona :
|b Galaxia Gutenberg
|c [2017]
|
| 300 |
|
|
|a 1 online resource.
|
| 336 |
|
|
|a text
|b txt
|2 rdacontent
|
| 337 |
|
|
|a computer
|b c
|2 rdamedia
|
| 338 |
|
|
|a online resource
|b cr
|2 rdacarrier
|
| 347 |
|
|
|a text file
|2 rdaft
|
| 347 |
|
|
|b PDF
|
| 588 |
0 |
|
|a Online resource; title from PDF title page (Digitalia, viewed April 20, 2021)
|
| 651 |
|
0 |
|a Papal States
|x History
|y Leo X, 1513-1521
|v Fiction.
|
| 651 |
|
0 |
|a Portugal
|x History
|y 16th century
|v Fiction.
|
| 600 |
0 |
0 |
|a Leo
|b X,
|c Pope,
|d 1475-1521
|v Fiction.
|
| 650 |
|
0 |
|a Ocean travel
|v Fiction.
|
| 650 |
|
0 |
|a Rhinoceroses
|v Fiction.
|
| 655 |
|
7 |
|a Historical fiction.
|2 lcgft
|
| 655 |
|
7 |
|a Sea fiction.
|2 lcgft
|
| 655 |
|
0 |
|a Electronic books.
|
| 700 |
1 |
|
|a Calzada, Javier,
|e translator.
|
| 700 |
1 |
|
|i Translaltion of:
|a Norfolk, Lawrence,
|d 1963-
|t s Pope's rhinoceros.
|
| 791 |
2 |
|
|a Digitalia (Firm),
|e distributor.
|
| 793 |
0 |
|
|g Digitalia eBook Collection:
|a Galaxia Gutenberg
|
| 776 |
0 |
8 |
|i Print version:
|a Norfolk, Lawrence, 1963-
|s Pope's rhinoceros. Spanish (Calzada).
|t Rinoceronte del Papa.
|b Primera edición.
|d Barcelona : Galaxia Gutenberg, 2017
|z 9788417088316
|
| 856 |
4 |
0 |
|3 Digitalia Hispánica
|u https://www.digitaliapublishing.com/a/55407/
|
| 910 |
|
|
|a Premium collection: 2021
|